La compensación económica en la nulidad y el divorcio

Gorde:
Xehetasun bibliografikoak
Egile nagusia: Garrido Chacana, Carlos
Beste egile batzuk: López Díaz, Carlos (autor)
Formatua: Liburua
Hizkuntza:gaztelania
Argitaratua: Santiago Metropolitana 2012
Edizioa:2a. ed
Gaiak:
Etiketak: Etiketa erantsi
Etiketarik gabe, Izan zaitez lehena erregistro honi etiketa jartzen!

MARC

LEADER 00000cam a2200000 a 4500
001 UCF8004
003 CL-VaPUC
008 130718e20120000CL |||||||||||||||||spa|d
020 |a 9789562861571 
082 0 4 |a 346.830166  |b GAR  |2 21 
100 |a Garrido Chacana, Carlos  |9 737472 
700 |a López Díaz, Carlos  |e autor  |9 599046 
245 1 3 |a La compensación económica en la nulidad y el divorcio 
250 |a 2a. ed 
300 |a 239 p 
942 |c BK 
945 |d 20130718 00:00:00  |a dcastane 
260 |a Santiago  |b Metropolitana  |c 2012 
650 0 |a Divorcio  |9 256204 
650 7 |a MATRIMONIO  |2 CL-VaPUC  |9 570074 
650 0 |a Compensación económica  |9 522559 
650 0 |a Matrimonio civil  |9 385406 
583 |a last modification  |c 20130718 10:54:00  |k Rodrigo Vera 
999 |c 352693  |d 352691 
952 |0 0  |1 0  |4 0  |6 346_830166000000000_GAR_2012  |7 0  |8 A  |9 457299  |a BIBDER  |b BIBDER  |d 2019-11-22  |i 498983K  |l 2  |o 346.830166 GAR 2012  |p 498983K  |r 2025-05-07  |s 2025-05-07  |w 2019-11-22  |y BK  |k DER